000 00464nam a2200157 i 4500
001 190308
003 ES-MaACL
005 20230906223709.0
008 201104s1877 sp |||| | spa d
100 1 _aSpoerlin, Margarita.
_9170858
245 1 0 _aLeyendas de la Alsacia Spitzi /
_cMargarita Spoerlin.
260 _aMadrid :
_bLibrería Nacional y Extranjera,
_c1877.
300 _a37 p.
650 4 _aLeyendas-
_zAlsacia.
_9170859
852 _aES-MaACL
_jT-407-F-6
999 _c190308
_d190308